[Event "Chess Stars 3.0 Rapid"]
[Site "Moscow RUS"]
[Date "2023.12.16"]
[Round "8.2"]
[White "Artemiev, V."]
[Black "Lagno, Kateryna"]
[Result "1-0"]
[WhiteElo "2711"]
[BlackElo "2542"]
[PlyCount "165"]
[EventDate "2023.12.14"]
[EventType "rapid"]

1. Nf3 d5 2. e3 Nf6 3. c4 e6 4. Nc3 c5 5. d4 Nc6 6. cxd5 exd5 7. Bb5 cxd4 8. Nxd4 Bd7 9. Be2 Bd6 10. Ndb5 Be5 11. Nxd5 Nxd5 12. Qxd5 O-O 13. O-O Be6 14. Qxd8 Raxd8 15. f4 $146 ({RR} 15. Nc3 Nb4 16. a3 Nc2 17. Rb1 b6 18. e4 Nxa3 19. Ra1 Nc4 20. Rxa7 Nxb2 21. Bxb2 Rd2 22. Ba3 Rb8 23. Rc1 Bxc3 24. Rxc3 Rxe2 25. f3 Ra2 26. Rcc7 Rd8 27. Bd6 Rd2 28. e5 h5 29. h4 b5 {Swiercz,D (2654)-Borisek,J (2576) Chess.com INT 2018 ½-½ (70)}) 15... Bf6 16. Nc3 Na5 17. Ne4 Be7 18. b3 Bd5 19. Nf2 f5 20. Rd1 b6 21. Bb2 Be6 22. Nd3 Nc6 23. Rac1 Nb4 24. Nxb4 Bxb4 25. Kf2 Rc8 26. Ba6 Rxc1 27. Rxc1 Rd8 28. Bd4 Bc5 29. Bc4 Bxc4 30. Rxc4 Bxd4 31. Rxd4 Rc8 32. Rc4 Rd8 33. Kf3 Rd7 34. Rd4 Rc7 35. h3 Kf7 36. g4 g6 37. gxf5 gxf5 38. Rd6 Re7 39. Ke2 Rc7 40. Kd2 Re7 41. Kd3 Rc7 42. a4 Re7 43. b4 Re4 44. Rd4 Re7 45. Rd6 Re4 46. Rd7+ Kg6 47. Rd4 Re6 48. b5 Re7 49. Rd6+ Kg7 50. h4 Kf7 51. h5 Kg7 52. Ke2 Kf7 53. Kd2 Kg7 54. h6+ Kf7 55. Kd3 Re4 56. Rd7+ Kg6 57. Rxa7 Kxh6 58. Rb7 Rxa4 59. Rxb6+ Kh5 60. Re6 Rb4 61. b6 Kg4 62. Kc3 Rb1 63. Rh6 Kf3 64. Kd4 Rb4+ 65. Kc5 Rb1 66. Rh3+ Ke4 67. Kc6 Rc1+ 68. Kd7 Rd1+ 69. Kc7 Rc1+ 70. Kb8 Rb1 71. b7 h6 72. Rh5 Rb2 73. Rh3 Rb1 74. Rxh6 Kxe3 75. Kc7 Rxb7+ 76. Kxb7 Kxf4 77. Kc6 Ke3 78. Re6+ Kd4 79. Rf6 Ke4 80. Kc5 f4 81. Kc4 Ke3 82. Kc3 f3 83. Re6+ 1-0

[Event "European Rapid 2023"]
[Site "Zagreb CRO"]
[Date "2023.12.15"]
[Round "8.3"]
[White "Deac, Bogdan-Daniel"]
[Black "Stevic, H."]
[Result "1-0"]
[WhiteElo "2690"]
[BlackElo "2541"]
[PlyCount "69"]
[EventDate "2023.12.14"]
[EventType "rapid"]

1. Nf3 d5 2. g3 Bg4 3. Bg2 c6 4. h3 Bh5 5. O-O e6 6. d4 Nf6 7. c4 Be7 8. Nc3 O-O 9. Ne5 Nbd7 10. g4 Bg6 11. Nxg6 hxg6 12. Qd3 Qc7 $146 ({RR} 12... Qa5 13. cxd5 exd5 14. Bf4 Rfe8 15. g5 Nh5 16. Bd2 Qb6 17. h4 Nf8 18. Bh3 Bd6 19. e3 Ne6 20. Rab1 a5 21. Kg2 Qa6 22. Qxa6 Rxa6 23. f4 f5 24. a3 Kf7 25. Kf2 Rh8 26. Bg2 Raa8 27. Ne2 {Gorovets,A (2481)-Murzin,V (2627) Samarkand UZB 2023 0-1 (67)}) 13. Rd1 Rad8 14. b3 Qa5 15. Bd2 Qa6 16. Be1 dxc4 17. Qxc4 Qxc4 18. bxc4 Nb6 19. Rab1 Rd7 20. c5 Nbd5 21. Nxd5 Nxd5 22. e3 Bf6 23. Rb3 Re8 24. Rdb1 Ree7 25. Kf1 e5 26. dxe5 Bxe5 27. f4 Bc7 28. Bxd5 Rxd5 29. Rxb7 Red7 30. Rxa7 Rxc5 31. Rbb7 Rc1 32. Rxc7 Rdd1 33. Rxf7 Rxe1+ 34. Kf2 Rf1+ 35. Kg3 1-0

[Event "European Rapid 2023"]
[Site "Zagreb CRO"]
[Date "2023.12.15"]
[Round "11.16"]
[White "Lagarde, Max"]
[Black "Dragnev, Valentin"]
[Result "1-0"]
[WhiteElo "2640"]
[BlackElo "2579"]
[PlyCount "123"]
[EventDate "2023.12.14"]
[EventType "rapid"]

1. Nf3 d5 2. g3 g6 3. Bg2 Bg7 4. O-O Nf6 5. d3 O-O 6. Nbd2 c5 7. e4 Nc6 8. Re1 dxe4 9. dxe4 e5 10. c3 Qc7 11. Nc4 ({RR} 11. Qc2 b6 12. Nc4 Ba6 13. Ne3 Rad8 14. Nd2 Bd3 15. Qa4 b5 16. Qa3 c4 17. b3 Na5 18. bxc4 Nxc4 19. Ndxc4 bxc4 20. Nd5 Nxd5 21. exd5 Rfe8 22. Be3 e4 23. Bf4 Qb7 24. d6 h6 25. h4 Kh7 {Pechen,Y (2685)-Martinez Reyes,P (2416) Chess.com INT 2019 1-0 (79)}) ({RR} 11. Qc2 Rd8 12. a4 h6 13. h3 Be6 14. Bf1 Na5 15. b3 Rac8 16. Nc4 Nxc4 17. bxc4 Ne8 18. Nd2 Nd6 19. Kh2 h5 20. Nf3 Bxc4 21. Bxc4 Nxc4 22. Bg5 f6 23. Bc1 Rd6 24. Qe2 Qf7 25. Nh4 Na5 {Oro,F (2330)-Dragnev,V (2571) chess.com INT 2024 1-0 (59)}) 11... Rd8 12. Qe2 ({RR} 12. Qc2 Be6 13. Ne3 h6 14. a4 Rd7 15. Nd2 Rad8 16. Ndc4 b6 17. Na3 Na5 18. c4 Nc6 19. Nd5 Bxd5 20. cxd5 Nd4 21. Qd3 Ne8 22. Nb5 Qb8 23. f4 Nd6 24. fxe5 N6xb5 25. axb5 Qxe5 26. Bf4 Qe8 {Sai,K (2365)-Demaria,J (2215) chess.com INT 2025 1-0 (31)}) 12... h6 13. Nfd2 $146 ({RR} 13. h3 Be6 14. a4 Bxc4 15. Qxc4 Na5 16. Qe2 Nb3 17. Rb1 Rd7 18. Be3 c4 19. Nd2 Nxd2 20. Bxd2 Qb6 21. Be3 Qc6 22. Qc2 Rad8 23. a5 Bf8 24. b4 cxb3 25. Qxb3 Nh5 26. Qb5 Qxc3 27. Rec1 Qd3 {Mrva,M (2390)-Chmelik,L Topolcianky 1994 1-0 (34)}) 13... Bg4 14. Qf1 Rd7 15. Ne3 Be6 16. f4 exf4 17. gxf4 Ng4 18. Nxg4 Bxg4 19. e5 f6 20. exf6 Bxf6 21. Ne4 Bh4 22. Be3 b6 23. Bh3 Bf5 24. Ng3 Bxg3 25. hxg3 Bxh3 26. Qxh3 Kg7 27. f5 g5 28. Bf2 Rd6 29. Re2 Rf8 30. g4 Qd7 31. Rae1 Rff6 32. Bg3 Rd1 33. Rxd1 Qxd1+ 34. Kf2 Qd5 35. Qg2 Qxa2 36. Qe4 Qf7 37. b4 cxb4 38. cxb4 b5 39. Kg2 h5 40. Rc2 Qd7 41. gxh5 Kh6 42. Rc5 Qd2+ 43. Kh3 Qd7 44. Kg2 Qd2+ 45. Bf2 Qd7 46. Be3 Ne7 47. Qg4 Kh7 48. Bxg5 Rxf5 49. Qe4 Kg8 50. Qxe7 Qxe7 51. Bxe7 Rf7 52. Bg5 a6 53. Kg3 Ra7 54. Kg4 a5 55. bxa5 Rxa5 56. Kf5 Ra7 57. Rxb5 Kh7 58. Re5 Rf7+ 59. Kg4 Rf1 60. Re7+ Kg8 61. h6 Rf2 62. Kh5 1-0

[Event "European Blitz 2023"]
[Site "Zagreb CRO"]
[Date "2023.12.16"]
[Round "5.2"]
[White "Deac, Bogdan-Daniel"]
[Black "Dragnev, Valentin"]
[Result "1-0"]
[WhiteElo "2690"]
[BlackElo "2579"]
[PlyCount "123"]
[EventDate "2023.12.16"]
[EventType "blitz"]

1. Nf3 Nf6 2. g3 c5 3. c4 Nc6 4. Nc3 e6 5. d4 cxd4 6. Nxd4 Bc5 7. Nb3 Bb4 8. Bg2 O-O 9. O-O b6 ({RR} 9... Bxc3 10. bxc3 Qe7 11. a4 Rd8 12. Ba3 d6 13. Nd4 Na5 14. Qd3 e5 15. Nb5 e4 16. Bxd6 Qe6 17. Qc2 Rxd6 18. Nc7 Qe7 19. Nxa8 Nxc4 20. Rad1 Rc6 21. Rd4 Bf5 22. Qb3 Ne5 23. Qxb7 Qf8 24. Rfd1 {Nihal,S (2620)-Vachier Lagrave,M (2784) Chess.com INT 2020 1-0 (31)}) ({RR} 9... a6 10. Bd2 Ne5 11. c5 Nc4 12. Bf4 d5 13. cxd6 Bxd6 14. Bxd6 Nxd6 15. Qd4 Qe7 16. Rfd1 Rd8 17. Na5 Qc7 18. Nc4 Nfe8 19. e4 b5 20. e5 bxc4 21. Bxa8 Nb7 22. Qa7 Rd3 23. Rxd3 cxd3 24. Rd1 {Kevlishvili,R (2555)-Goncharov,V (2077) chess.com INT 2025 1-0}) 10. Nb5 a6 11. Nd6 Qe7 12. Bf4 $146 ({RR} 12. c5 Bxc5 13. Nxc5 bxc5 14. Be3 Nd4 15. Bxd4 cxd4 16. Nf5 exf5 17. Bxa8 d5 18. Qxd4 Qxe2 19. Rfe1 Qb5 20. a4 Qb8 21. Bc6 Be6 22. Rac1 Qd6 23. b4 Ne4 24. b5 axb5 25. axb5 Ng5 26. Rc3 f4 {Poeta,C (2110)-Navia Alvarez,E (2078) Chess.com INT 2018 0-1 (35)}) 12... e5 13. Nxc8 Raxc8 14. Be3 Bc5 15. Nxc5 bxc5 16. Bg5 Rb8 17. Rb1 Rfd8 18. Qa4 Rb6 19. Rfd1 h6 20. Bxf6 Qxf6 21. e3 Qe7 22. Rd2 a5 23. Rbd1 Rb4 24. Qc2 Rb6 25. Qc3 d6 26. Bxc6 Rxc6 27. Qxa5 Rb8 28. Qc3 Qe6 29. b3 Ra6 30. Qd3 h5 31. h4 g6 32. Qe2 Rbb6 33. Rd5 Kg7 34. R1d2 Qe7 35. Qd1 Qf6 36. Kg2 Qe6 37. e4 Qe7 38. Qf3 Qa7 39. Qe2 Qb7 40. Qe3 Qa7 41. a4 Qb7 42. R2d3 Qb8 43. Qf3 Ra7 44. Qd1 Raa6 45. a5 Rc6 46. Qd2 Qb7 47. Kg1 Qc7 48. Kg2 Qe7 49. b4 cxb4 50. Qxb4 Qc7 51. Rc3 Rc5 52. Ra3 Rxc4 53. Qb5 Rcc6 54. Rad3 Qa7 55. Rd1 Qc7 56. R1d2 Qa7 57. Rb2 Qc7 58. Qb7 Qxb7 59. Rxb7 Kf6 60. Rdb5 Rc5 61. Rxc5 dxc5 62. Rb6+ 1-0

[Event "European Blitz 2023"]
[Site "Zagreb CRO"]
[Date "2023.12.16"]
[Round "10.6"]
[White "Mamedov, Rau"]
[Black "Gavrilescu, David"]
[Result "1-0"]
[WhiteElo "2651"]
[BlackElo "2523"]
[PlyCount "99"]
[EventDate "2023.12.16"]
[EventType "blitz"]

1. g3 d5 2. Bg2 Nf6 3. d3 e6 4. Nd2 Be7 5. e4 c5 6. Ngf3 Nc6 7. O-O O-O 8. Re1 Qc7 9. exd5 exd5 10. Nf1 h6 11. Bf4 Bd6 12. Bxd6 Qxd6 13. d4 Bg4 14. dxc5 Qxc5 15. c3 Rad8 16. h3 $146 ({RR} 16. Ne3 Bxf3 17. Qxf3 Ne5 18. Qf5 Nc4 19. Nxc4 Qxc4 20. Bf1 Qc7 21. Qe5 Qb6 22. Qd4 Qxd4 23. cxd4 Rfe8 24. f3 Kf8 25. Kf2 Rxe1 26. Kxe1 Rc8 27. Kd2 Ke7 28. Rc1 Rxc1 29. Kxc1 Kd6 30. Kd2 Ne8 {Czebe,A (2475)-Karas,M (2283) Senica 2017 ½-½ (46)}) 16... Bxf3 17. Qxf3 d4 18. cxd4 Nxd4 19. Qxb7 Rb8 20. Qe7 Qa5 21. Qe5 Qxe5 22. Rxe5 Rxb2 23. Ne3 Rc8 24. a4 g6 25. a5 Kg7 26. Re7 Nb5 27. Rb7 Ne8 28. Rd1 Nec7 29. Rd7 Kf6 30. Nd5+ Nxd5 31. Bxd5 Ke5 32. Bg2 Rc1+ 33. Kh2 a6 34. Rxf7 Rcc2 35. Rb6 Rxf2 36. Rxf2 Rxf2 37. Rxa6 Nd4 38. Kg1 Ra2 39. Rxg6 Nf5 40. a6 h5 41. h4 Ne3 42. Bf3 Kf5 43. Rg5+ Kf6 44. Rxh5 Nf5 45. g4 Ra1+ 46. Kf2 Ra2+ 47. Ke1 Nd4 48. Bd1 Ne6 49. Rh6+ Ke5 50. Rxe6+ 1-0

[Event "Titled Tue 12th Dec Early"]
[Site "chess.com INT"]
[Date "2023.12.12"]
[Round "6"]
[White "Duda, J."]
[Black "Dragnev, Valentin"]
[Result "1-0"]
[WhiteElo "2732"]
[BlackElo "2579"]
[PlyCount "70"]
[EventDate "2023.12.12"]

1. Nf3 {ChessBase II} d5 2. e3 Nf6 3. c4 e6 4. b3 b6 5. Bb2 Bb7 6. cxd5 exd5 7. Nc3 a6 ({RR} 7... Nbd7 8. d4 a6 9. Bd3 Bd6 10. O-O O-O 11. Rc1 Ne4 12. Rc2 Qe7 13. Qc1 Ndf6 14. Ne2 c5 15. Ng3 Nxg3 16. hxg3 Ne4 17. dxc5 bxc5 18. Bxe4 dxe4 19. Nd2 Rad8 20. Nc4 Bc7 21. Ba3 Rd5 22. Nb2) 8. d4 Bd6 9. g3 O-O 10. Bg2 Nbd7 11. O-O Re8 ({RR} 11... Qe7 12. a4 Ne4 13. Ne2 a5 14. Nf4 Rac8 15. Re1 Bb4 16. Re2 Nc3 17. Bxc3 Bxc3 18. Rc1 Bb4 19. Rec2 c6 20. Nd3 Bd6 21. Qd2 g6 22. Qc3 Rfe8 {½-½ (22) Karjakin,S (2785)-So,W (2808) Wijk aan Zee 2017 CBM 177 [ChessBase II]}) 12. Rc1 Qe7 ({RR} 12... Ne4 13. Rc2 Ndf6 14. Qc1 Ng4 15. Ba3 Rc8 16. Na4 a5 17. h3 Ngf6 18. Rd1 Bb4 19. Ne5 c5 20. Bb2 c4 21. bxc4 dxc4 22. Nxc4 b5 23. Nc5 bxc4 24. Nxb7 Qe7 25. Nc5 c3 26. Ba1 Bxc5 27. dxc5) ({RR} 12... Rc8 13. Nd2 Bf8 14. Re1 Ne4 15. Ndxe4 dxe4 16. Qc2 Nf6 17. Red1 Qd7 18. d5 Qf5 19. Rd4 c5 20. dxc6 Bxc6 21. b4 h5 22. Qe2 Bb7 23. Rcd1 h4 24. gxh4 Qh7 25. h5 Re5 26. h4 Rxh5 27. Rd8 {Miezis,N (2409)-Kvaloy,A (2481) Fagernes NOR 2025 0-1 (58)}) 13. Rc2 Ne4 $146 ({RR} 13... Rad8 14. Qc1 h6 15. Rd1 Ne4 16. Nxe4 dxe4 17. Ne5 Nxe5 18. dxe5 Bxe5 19. Rxd8 Rxd8 20. Bxe5 Qxe5 21. Rxc7 Qh5 22. Bf1 Rd1 23. Qc2 Bd5 24. Rc8+ Kh7 25. Rd8 Qf3 26. Qb2 b5 27. Rc8 Be6 28. Rc1 {Velarde Ramirez,H (2212)-Savic,M (2453) Novi Sad 2019 0-1 (35)}) 14. Nb1 a5 15. a4 Ba6 16. Re1 Bb4 17. Nc3 c6 18. Nd2 Nxd2 19. Qxd2 Nf6 20. Rec1 h5 21. Qd1 Bb7 22. Ne2 h4 23. Nf4 hxg3 24. hxg3 Rad8 25. Nd3 Bd6 26. Ne5 Bxe5 27. dxe5 Nd7 28. Rxc6 Bxc6 29. Rxc6 Nxe5 30. Rxb6 Nd7 31. Rb7 Rb8 32. Qd4 f6 33. Qxd5+ Qf7 34. Rxd7 Qxd5 35. Bxd5+ Kh8 1-0

[Event "Titled Tue 12th Dec Late"]
[Site "chess.com INT"]
[Date "2023.12.12"]
[Round "5"]
[White "Pranav, V."]
[Black "Kamsky, G."]
[Result "1-0"]
[WhiteElo "2611"]
[BlackElo "2634"]
[PlyCount "71"]
[EventDate "2023.12.12"]

1. Nf3 Nf6 2. g3 g6 3. Bg2 Bg7 4. O-O O-O 5. d3 d5 6. Nbd2 Nc6 7. e4 dxe4 8. dxe4 e5 9. Qe2 ({RR} 9. b3 Re8 10. Bb2 Bg4 11. h3 Bxf3 12. Bxf3 Qd7 13. Bg2 Rad8 14. Nc4 Qe6 15. Qc1 h5 16. a4 Nd4 17. Re1 Kh7 18. Bxd4 Rxd4 19. c3 Bh6 20. Qc2 Rd7 21. h4 Red8 22. Rad1 a6 23. Rxd7 Rxd7 {Markus,R (2662)-Draskovic,L (2448) Niksic 2016 ½-½ (41)}) 9... a5 10. Rd1 Qe7 11. a4 $146 ({RR} 11. c3 b6 12. h3 Ba6 13. Qe3 Rad8 14. Bf1 Bxf1 15. Kxf1 Qe6 16. Kg2 Nd7 17. b3 Nc5 18. Bb2 Rd3 19. Qe2 Rfd8 20. Rdc1 Bh6 21. Rc2 Bxd2 22. Rxd2 Rxd2 23. Nxd2 Qd7 24. Nf3 f6 25. Ba3 Ne6 {Dolzhikova,K (2199)-Faizulaev,A (2417) Chess.com INT 2022 0-1 (43)}) 11... b6 12. Nc4 Ba6 13. b3 Rfd8 14. Bb2 Ne8 15. Bf1 Nd6 16. Ba3 Bxc4 17. bxc4 Nd4 18. Nxd4 exd4 19. Bg2 Rab8 20. c5 bxc5 21. Bxc5 d3 22. cxd3 Bxa1 23. Rxa1 Qe6 24. Qe3 Rb3 25. Bf1 Rdb8 26. Bd4 Rb1 27. Kg2 R8b4 28. Rxb1 Rxb1 29. Qg5 Rb4 30. Qd8+ Ne8 31. Bc5 Rxa4 32. Be7 Qc6 33. Be2 Ra2 34. Bg4 f5 35. Bf3 Kf7 36. exf5 1-0

[Event "Titled Tue 12th Dec Late"]
[Site "chess.com INT"]
[Date "2023.12.12"]
[Round "7"]
[White "Cordova, E."]
[Black "Erigaisi, Arjun"]
[Result "1-0"]
[WhiteElo "2563"]
[BlackElo "2727"]
[PlyCount "61"]
[EventDate "2023.12.12"]

1. Nf3 d6 2. d4 g6 3. c4 Bg7 4. Nc3 Nc6 5. g3 Bd7 6. Bg2 Qc8 7. O-O ({RR} 7. h3 h5 8. b3 Nh6 9. Bb2 Nf5 10. e3 e5 11. dxe5 Nxe5 12. Nxe5 Bxe5 13. Qd2 Bc6 14. Bxc6+ bxc6 15. Ne4 Qe6 16. Bxe5 Qxe5 17. Qc3 Qxe4 18. Qxh8+ Ke7 19. Qxa8 Qxh1+ 20. Ke2 Qxa1 21. Qxa7 Qb2+ {So,W (2772)-Nihal,S (2650) Chess.com INT 2021 0-1 (67)}) 7... h5 $146 ({RR} 7... Bh3 8. Bxh3 Qxh3 9. Qb3 Qc8 10. Rd1 Nh6 11. d5 Nb8 12. Bg5 Na6 13. Rac1 Ng4 14. Na4 O-O 15. c5 Re8 16. Bf4 Rb8 17. Qb5 c6 18. Qa5 cxd5 19. cxd6 Qe6 20. Ng5 Qd7 21. dxe7 Ra8 22. Qxd5 {Lenderman,A (2617)-Shoker,S (2466) Tsaghkadzor 2015 1-0 (34)}) ({RR} 7... Bh3 8. Be3 h5 9. d5 Ne5 10. Nxe5 Bxe5 11. Bd4 h4 12. Bxe5 dxe5 13. Qd3 hxg3 14. Qxg3 Nf6 15. f3 Bxg2 16. Kxg2 Qf5 17. e4 Qh5 18. f4 exf4 19. Rxf4 Qe5 20. Rf3 Nd7 21. Raf1 Qxg3+ 22. Rxg3 {Vetokhin,S (2533)-Moroni,L (2552) chess.com INT 2025 ½-½ (71)}) ({RR} 7... Bh3 8. Qa4 Kf8 9. d5 Ne5 10. Nxe5 Bxe5 11. f4 Bxc3 12. bxc3 h5 13. c5 h4 14. Qd4 Nf6 15. f5 hxg3 16. hxg3 Bxg2 17. Kxg2 Rh5 18. e4 dxc5 19. Qxc5 Nxe4 20. Qd4 gxf5 21. Bf4 c5 22. Qe3 {Csonka,B (2496)-Erigaisi,A (2701) chess.com INT 2023 0-1 (32)}) 8. d5 Ne5 9. h4 Bh3 10. Bf4 Nh6 11. Rc1 Bxg2 12. Kxg2 Nhg4 13. c5 O-O 14. Qa4 a6 15. Ne4 Qf5 16. Bxe5 Nxe5 17. Rfd1 Rfc8 18. Qc2 Ng4 19. b4 c6 20. Qd3 cxd5 21. Qxd5 Qxd5 22. Rxd5 Bf8 23. Rdd1 dxc5 24. Nxc5 e6 25. Rd7 b6 26. Nd3 Rxc1 27. Nxc1 Bxb4 28. Nd3 a5 29. Ng5 Nh6 30. Rb7 Rb8 31. Rxb8+ 1-0

[Event "Titled Tue 12th Dec Late"]
[Site "chess.com INT"]
[Date "2023.12.12"]
[Round "11"]
[White "Nihal, Sarin"]
[Black "Smirnov, Ant"]
[Result "1-0"]
[WhiteElo "2688"]
[BlackElo "2586"]
[PlyCount "75"]
[EventDate "2023.12.12"]

1. Nf3 d5 2. g3 g6 3. Bg2 Bg7 4. O-O e5 5. d3 Nc6 6. Nc3 Nge7 7. e4 O-O ({RR} 7... d4 8. Ne2 O-O 9. c3 a5 10. cxd4 Nxd4 11. Nexd4 exd4 12. Bf4 c5 13. a4 b6 14. Nd2 Be6 15. b3 Nc6 16. Nc4 Nb4 17. h4 h5 18. Kh2 Ra7 19. Bh3 Bxh3 20. Kxh3 f5 21. e5 Re8 22. Re1 {Rapport,R (2752)-Gukesh,D (2744) Zagreb CRO 2023 0-1 (102)}) ({RR} 7... d4 8. Nd5 O-O 9. Bg5 f6 10. Nxe7+ Nxe7 11. Bd2 Be6 12. h3 Qd7 13. Kh2 c5 14. Qe2 Rac8 15. c3 c4 16. cxd4 cxd3 17. Qe3 exd4 18. Nxd4 Bc4 19. Rfc1 f5 20. Bc3 Rce8 21. Nf3 Nd5 22. Qc5 {Stanojevic,I (2224)-Gruzman,I (2183) chess.com INT 2025 0-1 (60)}) 8. exd5 Nxd5 9. Re1 $146 ({RR} 9. Nxd5 Qxd5 10. Be3 Qd6 11. Nd2 Re8 12. Re1 b6 13. Ne4 Qe6 14. Ng5 Qd7 15. Nxf7 Bb7 16. Ng5 h6 17. Ne4 Rf8 18. c3 Rad8 19. Nc5 bxc5 20. Qb3+ Qf7 21. Qxb7 Nd4 22. Rac1 Rb8 23. Qxa7 Rxb2 {Rapport,R (2731)-Dardha,D (2598) Samarkand UZB 2023 1-0 (35)}) 9... Re8 10. Nxd5 Qxd5 11. Nxe5 Qe6 12. Nf3 Qd7 13. Rxe8+ Qxe8 14. c3 Bf5 15. d4 Ne7 16. Nh4 Bc8 17. Bg5 c6 18. Qb3 Nd5 19. Nf3 Be6 20. Re1 Ne3 21. Rxe3 Bxb3 22. Rxe8+ Rxe8 23. axb3 Re2 24. Bd2 Re7 25. Kf1 Kf8 26. b4 Ke8 27. Ne1 Kd7 28. Nd3 Kc7 29. Bf4+ Kb6 30. Be3 Kb5 31. b3 a5 32. c4+ Ka6 33. d5 axb4 34. dxc6 bxc6 35. Nxb4+ Kb7 36. Nxc6 Rc7 37. Nb4+ Kc8 38. Nd5 1-0

[Event "59th Groningen Open 2023"]
[Site "Groningen NED"]
[Date "2023.12.24"]
[Round "4.3"]
[White "Stremavicius, T."]
[Black "Krasenkow, M."]
[Result "1-0"]
[WhiteElo "2550"]
[BlackElo "2532"]
[PlyCount "87"]
[EventDate "2023.12.21"]

1. Nf3 d5 2. g3 Bg4 3. Bg2 Nd7 4. d4 e6 5. c4 c6 6. h3 Bh5 7. O-O Ngf6 8. cxd5 cxd5 ({RR} 8... exd5 9. Qb3 Nb6 10. a4 a5 11. Ne5 Bb4 12. Nc3 Nfd7 13. Nd3 Bd6 14. Bf4 Bxf4 15. Nxf4 Bg6 16. e4 dxe4 17. Nxg6 hxg6 18. Nxe4 O-O 19. Nc5 Qc7 20. Rfe1 Rae8 21. Nxd7 Nxd7 22. d5 cxd5 23. Qxd5 {Efimenko,Z (2602)-Kuzubov,Y (2643) Chess.com INT 2020 ½-½ (41)}) 9. Qb3 Qb6 10. Qxb6 Nxb6 11. g4 $146 ({RR} 11. Nc3 Bxf3 12. Bxf3 Be7 13. Bf4 O-O 14. Rfc1 Rfc8 15. Nb5 a6 16. Nc7 Ra7 17. Rc2 h6 18. Rac1 g5 19. Be5 Nfd7 20. Nxd5 Rxc2 21. Nxe7+ Kf8 22. Rxc2 Kxe7 23. Rc7 f6 24. Bxf6+ Kxf6 25. e4 e5 {Efimenko,Z (2568)-Pavlov,N (2316) chess.com INT 2024 1-0 (51)}) 11... Bg6 12. Ne5 Bd6 13. Nc3 Rc8 14. Bf4 Bb8 15. Rfc1 Ke7 16. b3 Nfd7 17. Nxg6+ hxg6 18. Bd2 f5 19. a4 Rc6 20. f3 Nf6 21. a5 Nbd7 22. g5 Nh5 23. e3 Ng3 24. Kf2 a6 25. Na2 Rhc8 26. Rxc6 Rxc6 27. Rc1 Rxc1 28. Nxc1 f4 29. e4 Nh5 30. exd5 exd5 31. h4 Ba7 32. Ne2 Ne5 33. Bh3 Nc6 34. Bc3 b6 35. axb6 Bxb6 36. Bg4 Kd6 37. Ke1 Ng3 38. Nxf4 Nxd4 39. Nxg6 Ndf5 40. Be5+ Kc6 41. h5 Be3 42. Bxg3 Nxg3 43. h6 gxh6 44. Ne5+ 1-0

[Event "Chess Stars 3.0 Blitz"]
[Site "Moscow RUS"]
[Date "2023.12.19"]
[Round "13.3"]
[White "Karjakin, Sergey"]
[Black "Inarkiev, E."]
[Result "1-0"]
[WhiteElo "2750"]
[BlackElo "2658"]
[PlyCount "87"]
[EventDate "2023.12.18"]
[EventType "blitz"]

1. Nf3 d5 2. b3 c5 3. e3 a6 4. Bb2 Nc6 5. d4 cxd4 6. Nxd4 Nf6 7. Be2 e6 8. O-O Bd7 ({RR} 8... Bd6 9. Nd2 e5 10. Nxc6 bxc6 11. c4 O-O 12. cxd5 cxd5 13. Rc1 Bb7 14. Nf3 Qe7 15. Qc2 Rfe8 16. Qf5 Ne4 17. Qh5 g6 18. Qh6 f6 19. Rfd1 Rac8 20. Qh3 Ba3 21. Bxa3 Qxa3 22. Qd7 Qb4 23. Rxc8 {Theodorou,N (2611)-Niemann,H (2734) chess.com INT 2025 0-1 (90)}) 9. Nf3 $146 ({RR} 9. c4 dxc4 10. Bxc4 Nxd4 11. Qxd4 Bc6 12. Nd2 Qxd4 13. Bxd4 Bd6 14. Be2 O-O 15. Nc4 Bc7 16. Rac1 Rfd8 17. Rfd1 Rac8 18. Bb6 Rxd1+ 19. Rxd1 Bd5 20. Bf3 Kf8 21. Bd4 Bxf3 22. gxf3 Ke7 23. a4 Nd7 {Gelashvili,T (2575)-Margvelashvili,G (2434) Tbilisi 2006 ½-½ (46)}) 9... Be7 10. Nbd2 O-O 11. c4 Rc8 12. a3 Qc7 13. b4 dxc4 14. Nxc4 Rfd8 15. Rc1 Be8 16. Qb3 b5 17. Nce5 Qb7 18. h3 Bd6 19. Rfd1 Nd5 20. Nd3 Nb6 21. Nc5 Bxc5 22. Rxd8 Rxd8 23. Rxc5 Na4 24. Rg5 Nxb2 25. Qxb2 g6 26. Rc5 Qe7 27. Nd2 f6 28. Qc3 Nb8 29. Ne4 e5 30. Kh2 h5 31. Rc7 Qe6 32. Qc5 Nc6 33. Bf3 g5 34. Nxg5 fxg5 35. Bxc6 Bxc6 36. Rxc6 Qf5 37. Qe7 Rf8 38. Rxa6 g4 39. Ra7 Qg6 40. hxg4 hxg4 41. Kg3 e4 42. Qe5 Rf3+ 43. gxf3 gxf3+ 44. Kf4 1-0

[Event "Chess Stars 3.0 Blitz"]
[Site "Moscow RUS"]
[Date "2023.12.19"]
[Round "18.5"]
[White "Artemiev, V."]
[Black "Inarkiev, E."]
[Result "1-0"]
[WhiteElo "2711"]
[BlackElo "2658"]
[PlyCount "73"]
[EventDate "2023.12.18"]
[EventType "blitz"]

1. Nf3 d5 2. g3 c5 3. Bg2 Nf6 4. O-O e6 5. c4 d4 6. e3 Nc6 7. d3 Bd6 8. exd4 cxd4 9. Na3 O-O 10. Re1 h6 11. Nc2 e5 12. b4 Re8 13. c5 Bc7 14. b5 Nb8 15. a4 ({RR} 15. Ba3 Nd5 16. Nfxd4 Nc3 17. Qd2 exd4 18. Rxe8+ Qxe8 19. Nxd4 Nxb5 20. Re1 Qd7 21. Nxb5 Qxb5 22. c6 Nxc6 23. Re8+ Kh7 24. Qe3 Qb1+ 25. Bc1 Bb6 26. Qf4 f5 27. Bd5 Bc7 28. Qxc7 Qxc1+ 29. Kg2 Be6 {Gabrielian,A (2419)-Ismagilov,D (2173) chess.com INT 2025 1-0 (37)}) 15... Nd5 $146 ({RR} 15... Nbd7 16. Ba3 Nf8 17. Nd2 Ng6 18. Nc4 Rb8 19. Qd2 Be6 20. b6 axb6 21. cxb6 Bxb6 22. Nxe5 Bf5 23. Nc4 Rxe1+ 24. Rxe1 Be6 25. Nxb6 Qxb6 26. Qb4 Qxb4 27. Bxb4 Bb3 28. Nxd4 Bxa4 29. Nf5 Bd7 30. Nd6 {Grischuk,A (2745)-Pichot,A (2637) chess24.com INT 2022 ½-½ (40)}) 16. Nfxd4 Nc3 17. Qd2 exd4 18. Rxe8+ Qxe8 19. Nxd4 Ba5 20. Bb2 Qe5 21. Re1 Qxd4 22. Re8+ Kh7 23. Rxc8 Nd7 24. Rxa8 Nxc5 25. Bxc3 Bxc3 26. Qe2 Qb4 27. Be4+ g6 28. Bd5 Qb1+ 29. Qf1 Qc2 30. Bc4 Kg7 31. Rc8 Bd4 32. Rc7 h5 33. Rxf7+ Kh6 34. h4 Nxa4 35. Qe1 Nc3 36. Qe7 Ne2+ 37. Kh2 1-0

[Event "St Louis Winter Blitz"]
[Site "Saint Louis USA"]
[Date "2023.12.20"]
[Round "9.2"]
[White "Gledura, B."]
[Black "Akobian, V."]
[Result "1-0"]
[WhiteElo "2633"]
[BlackElo "2576"]
[PlyCount "81"]
[EventDate "2023.12.20"]
[EventType "blitz"]
[WhiteTeam "A"]
[BlackTeam "B"]

1. Nf3 Nf6 2. g3 d5 3. Bg2 c5 4. O-O Nc6 5. d4 e6 6. e3 cxd4 7. exd4 Bd6 8. Re1 ({RR} 8. c4 dxc4 9. Nbd2 Na5 10. Ne5 O-O 11. Ndxc4 Nxc4 12. Nxc4 Bc7 13. b3 Rb8 14. Ba3 Re8 15. Rc1 Bd7 16. Nd6 Bxd6 17. Bxd6 Rc8 18. Bxb7 Rxc1 19. Qxc1 Bb5 20. Bc7 Qd7 21. Re1 Re7 22. Re5 Ne8 {Garcia Palermo,C (2459)-Caruana,F (2594) Martina Franca 2007 0-1 (38)}) ({RR} 8. b3 O-O 9. Bb2 Re8 10. Nbd2 b6 11. Rc1 Bb7 12. Ne5 Nd7 13. Ndf3 f6 14. Nxc6 Bxc6 15. c4 Qe7 16. Re1 Qf7 17. Nd2 Rac8 18. Qg4 h5 19. Qd1 g6 20. h4 dxc4 21. Bxc6 Rxc6 22. Nxc4 Bc7 {Alazmi,A (1740)-Can,M (2171) chess.com INT 2025 1-0}) 8... O-O 9. c3 $146 ({RR} 9. Nbd2 a6 10. c4 dxc4 11. Nxc4 Bc7 12. b3 b5 13. Nce5 Bb7 14. Ba3 Re8 15. Rc1 Nxe5 16. dxe5 Nd5 17. Qc2 Ba5 18. Red1 Rc8 19. Qd3 Nc3 20. Qxd8 Rcxd8 21. Rxd8 Rxd8 22. Kf1 Nxa2 23. Ra1 Nc3 {Vukosavljevic,T (1364)-Korenova,S (1610) Tornelo INT 2020 0-1 (43)}) 9... Qc7 10. a4 b6 11. Nbd2 Ba6 12. Nf1 Na5 13. Ne5 Rab8 14. Ne3 Rfc8 15. N3g4 Nxg4 16. Qxg4 Nc4 17. Nf3 Na5 18. Bh6 Bf8 19. Bf4 Bd6 20. Bh6 Bf8 21. Bf4 Bd6 22. Bxd6 Qxd6 23. Ne5 Nc4 24. Nxc4 Bxc4 25. Re3 a5 26. Qd1 Ba6 27. Bf1 Bxf1 28. Qxf1 Rc4 29. Ra3 Qc6 30. Qa1 Rc8 31. Kg2 g6 32. Qd1 h5 33. h4 Kg7 34. Rf3 b5 35. axb5 Qxb5 36. Qe2 a4 37. Qe5+ Kg8 38. g4 hxg4 39. Rf6 Qxb2 40. h5 g3 41. hxg6 1-0